000 00971nam a2200229 u 4500
001 000325167
003 AM-YeHGA
005 20250618072042.0
008 040408s1971 ai r 000 0 arm d
040 _aAM-YeHGA
041 1 _aarm
_hrus
080 _aP2
090 _aՄ-38
245 1 0 _aՄանուկների համար :
_b[Բանաստեղծություններ] /
_cՍ. Մարշակ; Խմբ.՝ Վ.Գ. Տ ալյան; Նկ.՝ Հ.Ա. Կարապետյան; Փոխադր.՝ Ե.Գ. Առաքելյան.
260 _aԵրևան :
_bՀայաստան,
_c1971.
300 _a28 էջ :
_bնկ. ;
_c20 սմ.
650 1 4 _aՌուս մանկական գրականություն
_xԲանաստեղծություն
700 1 _aԿարապետյան, Հ.Ա.
_eնկ.
_4art
700 1 _aԱռաքելյան, Երջանիկ Գեղամի,
_d1918-1981
_eթարգմ.
_4trl
_91982
700 1 _aՏալյան, Վազգեն Գրիգորի,
_d1907-1995
_eխմբ.
_4edt
_99383
090 _c122644
999 _c121291
_d121291